Europe's Largest Cities Starting With I Quiz Stats

Quiz not verified by Sporcle

Challenge
Share
Tweet
Embed
Score 0/20 Timer 04:00
0 Plays Today
Country City % Correct
TurkeyIstanbul
98.3%
AustriaInnsbruck
86.8%
RomaniaIasi
73.3%
United kingdomIpswich
71.3%
GermanyIngolstadt
57.8%
RussiaIzhevsk
50.2%
RussiaIvanovo
44.2%
United KingdomInverness
41.4%
ItalyImola
30.7%
GreeceIoannina
29.2%
Country City % Correct
UkraineIvano-Frankivsk
28.1%
NetherlandsIjmuiden
13.1%
FranceIstres
9.6%
SpainIbiza
8.8%
UkraineIzmail
7.6%
UkraineIzyum
2%
UkraineIllichivsk
2%
RussiaIshimbay
2%
RussiaIvanteyevka
1.6%
RussiaIzberbash
1.6%

You're not logged in!

Compare scores with friends on all Sporcle quizzes.
Sign Up with Email
OR
Log In

You Might Also Like...

Show Comments

Extras

Top Quizzes Today


Score Distribution

Your Account Isn't Verified!

In order to create a playlist on Sporcle, you need to verify the email address you used during registration. Go to your Sporcle Settings to finish the process.

Report this User

Report this user for behavior that violates our Community Guidelines.

Details: